000 00767nam a22002417a 4500
003 OSt
005 20251117112441.0
008 251117b |||||||| |||| 00| 0 eng d
020 _a971-685-740-5
040 _aDWC-Main Lib.
_cOC
082 _aFil. 370.71 S741 2012
100 _aAndas, Celia D.
245 _aSpecial topics in education, volume 2/
_cAndas, Celia D.
260 _aQuezon City, Phils. :
_bLorimar Publishing,
_cc2012.
300 _a103 pages :
_billustrations ;
_c28 cm.
650 _a1. Education--Philippines.
650 _a2. Education. Andas, Celia D. II. Title.
700 _aParpa, Janet C.
700 _aMorales, Kathleen M.
700 _aCespon, Laura V.
700 _aDorado, Leonardo
942 _2ddc
_cBK - FIL
_hFil.
_n0
999 _c5717
_d5717